01481cam 2200349 a 45000010009000000050017000090080041000269060045000679250044001129550294001560100017004500200015004670400018004820430012005000500028005120820016005401000023005562450039005792500012006182600046006303000021006766500051006976500052007486500057008006100039008576510032008966500031009286550028009596550027009878560088010140990029011021278197020030311093633.0020520s2002 nyu 000 1 eng  a7bcbccorignewd1eocipf20gy-gencatlg0 aacquireb2 shelf copiesxpolicy default apc03 2002-05-20 to HLCDcld03 2002-05-28; to Child. Lit. for subj. 2002-05-28; not in scope for AC cataloging lb11 05-31-02dlh06 2002-06-03elk13 2002-06-04 to Deweyaaa05 2002-06-05aps14 2002-12-02 bk rec'd, to CIP ver.fpv10 2002-12-04 CIP ver to BCCDala32 2003-03-11 (copy 2) to BCCD a 2002069938 a0312291175 aDLCcDLCdDLC an-us-in00aPS3563.A31166bC45 200200a813/.542211 aMcInerny, Ralph M.10aCelt and pepper /cRalph McInerny. a1st ed. aNew York :bSt. Martin's Minotaur,c2002. a210 p. ;c22 cm. 0aKnight, Roger (Fictitious character)vFiction. 0aKnight, Philip (Fictitious character)vFiction. 0aPrivate investigatorszIndianazSouth BendvFiction.20aUniversity of Notre DamevFiction. 0aSouth Bend (Ind.)vFiction. 0aCollege teachersvFiction. 7aMystery fiction.2gsafd 7aCollege stories.2lcsh423Publisher descriptionuhttp://www.loc.gov/catdir/description/hol031/2002069938.html amcinerny-celt-1074963662